| 000 | 00912nam a2200253 i 4500 | ||
|---|---|---|---|
| 001 | 189480 | ||
| 003 | ES-MaACL | ||
| 005 | 20251216165940.0 | ||
| 008 | 190604s1976 sp a |||| |dspa d | ||
| 100 | 1 |
_aLlorens Artigas, Josep, _d1892-1981 _972886 |
|
| 245 | 1 | 0 | _aHomenaje a Llorens Artigas. |
| 246 | 3 |
_aLlorens Artigas, Miró-Artigas _b: Elena Colmeiro, Cumella, Mestre, Pascual, Elisenda Sala, Vigreyos |
|
| 260 |
_aMadrid : _bGalería Ponce, _c1976. |
||
| 300 |
_a33 p. : _bil. ; _c24 cm. |
||
| 600 | 1 | 4 |
_aLlorens Artigas, Josep, _d1892-1981 _972886 |
| 600 | 0 | 4 |
_aMiró, Joan, _d1893-1983- _vExposiciones _981605 |
| 600 | 1 | 4 |
_aColmeiro, Elena- _vExposiciones. _939765 |
| 600 | 1 | 4 |
_aCumella, Antoni. _9143726 |
| 650 | 4 |
_aCerámica- _vExposiciones. _910890 |
|
| 655 | 7 |
_2tgfbne _9193628 _aCatálogos de exposiciones |
|
| 852 |
_aES-MaACL _j2340-F-30 |
||
| 942 | _2udc | ||
| 999 |
_c189480 _d189480 |
||